Alfabet polskich polityków. - Statystyki

Ogólne statystyki
  • Ten quiz został rozwiązany 343 razy
  • Średni wynik to 12 z 17
Statystyki odpowiedzi
Obrazkowy Odpowiedź % Poprawnych
Duda
99%
Biedroń
96%
Tusk
96%
Hołownia
95%
Wałęsa
94%
Szydło
90%
Kukiz
88%
Ogórek
71%
Petru
71%
Gowin
69%
Jakubiak
63%
Żółtek
63%
Mazowiecki
60%
Cimoszewicz
58%
Narutowicz
54%
Emilewicz
44%
Adamczyk
23%
Nie znaleziono quizów pasujących do podanych kryteriów
Rozkład punktacji
Procent ludzi z każdym wynikiem
Percentyl według liczby udzielonych odpowiedzi
Twoja historia wyników
Nie rozwiązałeś tego quizu